| 000 | 00000nam##2200000za#4500 |
| 001 | 9.687473 |
| 003 | CaOODSP |
| 005 | 20210624231007 |
| 007 | cr ||||||||||| |
| 008 | 150407|2005||||xxc|||||o f|0| 0 eng|d |
| 020 | |a0-662-40180-8 |
| 040 | |aCaOODSP|beng |
| 043 | |an-cn--- |
| 086 | 1 |aCP22-77/2005E-PDF |
| 110 | 1 |aCanada. |bPrivy Council Office. |
| 245 | 10|aSecuring an open society - one year later : |h[electronic resource]|bprogress report on the implementation of Canada's national security policy |
| 260 | |aOttawa - Ontario : |bPrivy Council Office |c2005. |
| 300 | |a61p. |
| 500 | |aCIP for the bilingual paper edition have been printed on the PDF edition in English. |
| 520 | 3 |aThis policy articulates national security interests and proposes a framework for addressing threats to Canadians. It addresses three core national security interests: protecting Canada and Canadians at home and abroad; ensuring Canada is not a base for threats to our allies; and contributing to international security. Securing an Open Society: One Year Later describes progress in implementing a number of initiatives identified in the National Security Policy, as well as several other national security enhancements. |
| 590 | |a05-22|b2005-06-03 |
| 775 | 08|tProtéger une société ouverte - un an après : |w(CaOODSP)9.631924 |
| 776 | 0#|tSecuring an open society - one year later : |w(CaOODSP)9.666433 |
| 776 | 0#|tProtéger une société ouverte - un an après : |w(CaOODSP)9.666434 |
| 856 | 40|ahttp://publications.gc.ca|qPDF|s258 KB|uhttps://publications.gc.ca/collections/Collection/CP22-77-2005E.pdf |